000 00953nas a2200301 4500
001 BR8306378
003 BR-BrBNA
005 20231205085726.0
007 ta
008 230509b bl.|||p| |||| 00| 00por d
040 _aBR-BrBNA
_bpor
_cBiblioteca Nacional de Agricultura
041 _a(Pt)
072 _aF01
100 1 _aManica, I.
100 1 _aPassos, L.P.
100 1 _aIuchi, V.L.
100 1 _aChaves, J.B.P.
100 1 _aLichtemberg, L.A.
245 1 _aResposta da muda do tipo "filhote" do abacaxizeiro Smooth cayenne ao corte do caule da parte basal, retirada e corte de folhas no crescimento, producao e qualidade dos frutos
650 _aABACAXI
650 _aVARIEDADE
650 _aMUDA
650 _aPLANTIO
650 _aESPACAMENTO
773 0 _tRevista Brasileira de Fruticultura (Brazil)
_xISSN 0100-2945
_g(Oct 1983), v. 5 p. 7-14
_wBR8306378
909 _a202311
_bLúcia
_c55
_dLúcia Elande
942 _2AGRIS
_n0
_cANA
999 _c113376
_d113376